<?xml version="1.0" encoding="UTF-8"?>
<record
    xmlns:xsi="http://www.w3.org/2001/XMLSchema-instance"
    xsi:schemaLocation="http://www.loc.gov/MARC21/slim http://www.loc.gov/standards/marcxml/schema/MARC21slim.xsd"
    xmlns="http://www.loc.gov/MARC21/slim">

  <leader>00583nam a22001697a 4500</leader>
  <controlfield tag="005">20250717115949.0</controlfield>
  <controlfield tag="008">250717b        |||||||| |||| 00| 0 eng d</controlfield>
  <datafield tag="020" ind1=" " ind2=" ">
    <subfield code="a">978-1-61205-545-9</subfield>
  </datafield>
  <datafield tag="050" ind1=" " ind2=" ">
    <subfield code="a">HM 651 .S26 2014</subfield>
  </datafield>
  <datafield tag="100" ind1=" " ind2=" ">
    <subfield code="a">SANTOS, BOAVENTUTA DE SOUSA</subfield>
  </datafield>
  <datafield tag="245" ind1=" " ind2=" ">
    <subfield code="a">EPISTEMOLOGIES OF THE SOUTH: JUSTICE AGAINST EPISTEMICIDE</subfield>
  </datafield>
  <datafield tag="260" ind1=" " ind2=" ">
    <subfield code="a">NEW YORK, NY</subfield>
    <subfield code="b">ROUTLEDGE</subfield>
    <subfield code="c">2016</subfield>
  </datafield>
  <datafield tag="300" ind1=" " ind2=" ">
    <subfield code="a">XI,240P.</subfield>
  </datafield>
  <datafield tag="500" ind1=" " ind2=" ">
    <subfield code="a">INCLUDES BIBLIOGRAPHICAL REFERENCES AND INDEX</subfield>
  </datafield>
  <datafield tag="650" ind1=" " ind2=" ">
    <subfield code="a">1. KNOWLEDGE, SOCIOLOGY 2. SOCIAL EPISTEMOLOGY 3. SOCIAL JUSTICE-DEVELOPING COUNTRIES</subfield>
  </datafield>
  <datafield tag="942" ind1=" " ind2=" ">
    <subfield code="2">lcc</subfield>
    <subfield code="c">BK</subfield>
  </datafield>
  <datafield tag="999" ind1=" " ind2=" ">
    <subfield code="c">215920</subfield>
    <subfield code="d">215920</subfield>
  </datafield>
  <datafield tag="952" ind1=" " ind2=" ">
    <subfield code="0">0</subfield>
    <subfield code="1">0</subfield>
    <subfield code="2">lcc</subfield>
    <subfield code="4">0</subfield>
    <subfield code="6">HM0651 S26  02014</subfield>
    <subfield code="7">0</subfield>
    <subfield code="8">ARTS</subfield>
    <subfield code="9">372524</subfield>
    <subfield code="a">KSUL</subfield>
    <subfield code="b">KSUL</subfield>
    <subfield code="c">DISPLAY</subfield>
    <subfield code="d">2025-07-17</subfield>
    <subfield code="i">109272</subfield>
    <subfield code="l">0</subfield>
    <subfield code="o">HM 651 .S26 2014</subfield>
    <subfield code="p">000000023984</subfield>
    <subfield code="r">2025-07-17 12:00:56</subfield>
    <subfield code="t">1</subfield>
    <subfield code="w">2025-07-17</subfield>
    <subfield code="y">BK</subfield>
  </datafield>
  <datafield tag="952" ind1=" " ind2=" ">
    <subfield code="0">0</subfield>
    <subfield code="1">0</subfield>
    <subfield code="2">lcc</subfield>
    <subfield code="4">0</subfield>
    <subfield code="6">HM0651 S26  02014</subfield>
    <subfield code="7">0</subfield>
    <subfield code="8">ARTS</subfield>
    <subfield code="9">372525</subfield>
    <subfield code="a">KSUL</subfield>
    <subfield code="b">KSUL</subfield>
    <subfield code="c">DISPLAY</subfield>
    <subfield code="d">2025-07-17</subfield>
    <subfield code="i">109273</subfield>
    <subfield code="l">0</subfield>
    <subfield code="o">HM 651 .S26 2014</subfield>
    <subfield code="p">000000023983</subfield>
    <subfield code="r">2025-07-17 12:00:00</subfield>
    <subfield code="t">2</subfield>
    <subfield code="w">2025-07-17</subfield>
    <subfield code="y">BK</subfield>
  </datafield>
  <datafield tag="952" ind1=" " ind2=" ">
    <subfield code="0">0</subfield>
    <subfield code="1">0</subfield>
    <subfield code="2">lcc</subfield>
    <subfield code="4">0</subfield>
    <subfield code="6">HM0651 S26  02014</subfield>
    <subfield code="7">0</subfield>
    <subfield code="8">ARTS</subfield>
    <subfield code="9">372526</subfield>
    <subfield code="a">KSUL</subfield>
    <subfield code="b">KSUL</subfield>
    <subfield code="c">DISPLAY</subfield>
    <subfield code="d">2025-07-17</subfield>
    <subfield code="i">109274</subfield>
    <subfield code="l">0</subfield>
    <subfield code="o">HM 651 .S26 2014</subfield>
    <subfield code="p">000000023982</subfield>
    <subfield code="r">2025-07-17 12:00:00</subfield>
    <subfield code="t">3</subfield>
    <subfield code="w">2025-07-17</subfield>
    <subfield code="y">BK</subfield>
  </datafield>
  <datafield tag="952" ind1=" " ind2=" ">
    <subfield code="0">0</subfield>
    <subfield code="1">0</subfield>
    <subfield code="2">lcc</subfield>
    <subfield code="4">0</subfield>
    <subfield code="6">HM0651 S26  02014</subfield>
    <subfield code="7">0</subfield>
    <subfield code="8">ARTS</subfield>
    <subfield code="9">372527</subfield>
    <subfield code="a">KSUL</subfield>
    <subfield code="b">KSUL</subfield>
    <subfield code="c">DISPLAY</subfield>
    <subfield code="d">2025-07-17</subfield>
    <subfield code="i">109275</subfield>
    <subfield code="l">0</subfield>
    <subfield code="o">HM 651 .S26 2014</subfield>
    <subfield code="p">000000018548</subfield>
    <subfield code="r">2025-07-17 12:00:00</subfield>
    <subfield code="t">4</subfield>
    <subfield code="w">2025-07-17</subfield>
    <subfield code="y">BK</subfield>
  </datafield>
  <datafield tag="952" ind1=" " ind2=" ">
    <subfield code="0">0</subfield>
    <subfield code="1">0</subfield>
    <subfield code="2">lcc</subfield>
    <subfield code="4">0</subfield>
    <subfield code="6">HM0651 S26  02014</subfield>
    <subfield code="7">0</subfield>
    <subfield code="8">ARTS</subfield>
    <subfield code="9">372529</subfield>
    <subfield code="a">KSUL</subfield>
    <subfield code="b">KSUL</subfield>
    <subfield code="c">DISPLAY</subfield>
    <subfield code="d">2025-07-17</subfield>
    <subfield code="i">109276</subfield>
    <subfield code="l">0</subfield>
    <subfield code="o">HM 651 .S26 2014</subfield>
    <subfield code="p">000000018547</subfield>
    <subfield code="r">2025-07-17 12:00:00</subfield>
    <subfield code="t">5</subfield>
    <subfield code="w">2025-07-17</subfield>
    <subfield code="y">BK</subfield>
  </datafield>
</record>
